00186nam a2200073Ia 4500008004100000100000900041245005300050260000900103190216s9999||||xx |||||||||||||| ||und|| aNull 0aRaman Kshethr Aur Minn Barthmi Ki Shashthra Vali bNull